| 000 | 00598nam a2200193Ia 4500 | ||
|---|---|---|---|
| 001 | 9894 | ||
| 003 | GE_BSU | ||
| 008 | 181216s||||||||xx |||||||||||||| ||und|| | ||
| 040 | _cGE_BSU | ||
| 245 | _aИнформационно-управляющие системы 2(69) 2014 | ||
| 245 | _bНаучный журнал | ||
| 245 | _cГл.ред.М.Б.Сергеев | ||
| 260 | _aСанкт-Петербург | ||
| 260 | _c2014. | ||
| 300 | _a118стр.29см. | ||
| 653 | _aИнформационно-управляющие системы | ||
| 653 | _aНаучный журнал | ||
| 942 | _cCR | ||
| 999 |
_c43172 _d43172 |
||